000 00506nam a22001695i 4500
001 1927
005 20260409065542.0
008 251217t20262026fr 000 0 fre
010 _a 2025479382
020 _a9782021548396
_q(paperback)
050 4 _aRC
082 1 4 _a614
_a940
100 1 _aBoucheron, Patrick,
_eauthor.
245 1 0 _aPeste noire /
_cPatrick Boucheron.
300 _a553 pages, 12 unnumbered pages of plates :
_billustrations (some color), maps (some color) ;
_c24 cm.
942 _2ddc
_cBK
_n0
999 _c1927
_d1927